000 00373pab a2200145 454500
008 180718b2005 xxu||||| |||| 00| 0 eng d
100 _aDarolia, C.R.
245 _aBehaviour temperament inventory: a normative study
260 _c2005
300 _ap.331-35.
650 _aBehaviour
700 _aarora, Bhupinder S.
773 _aPsychological Studies
909 _a69326
999 _c69326
_d69326